Normal view
MARC view
- Parramón, José María.
Entry Personal Name
001 - CONTROL NUMBER
- control field: 8307
003 - CONTROL NUMBER IDENTIFIER
- control field: NUST
005 - DATE AND TIME OF LATEST TRANSACTION
- control field: 20180112092931.0
008 - FIXED-LENGTH DATA ELEMENTS
- fixed length control field: 180112|| aca||aabn | a|a d
040 ## - CATALOGING SOURCE
- Original cataloging agency: NUST
- Transcribing agency: NUST
100 ## - HEADING--PERSONAL NAME
- Personal name: Parramón, José María.
670 ## - SOURCE DATA FOUND
- Source citation: Work cat.: (NUST)0: Parramón, José María., First steps in painting /, 1991.
